000 00598nam a2200229Ia 4500
001 48946
005 20240114003930.0
007 ta
008 090522s1962 g b000 u 465 u
040 _aCotton College,Assam
041 _a465
082 _a530
_bC 238 B
100 _aCasey, E J .
245 0 _aBiophysics:Concepts & Mechanism /
_cE J Casey.
_hTextual Documents
250 _a1st /
260 _aNew York :
_bVan Nostrand Reinhold Company ,
_c1962.
300 _axvi,335 p ;
_c23 cm.
653 _aPhysics
942 _2ddc
_cBK
999 _c48911
_d48911